Jak jsem objevoval hvězdy /

Hlavní autor: Hannig, Petr, 1946-2025
Jazyk: Čeština
Vydáno: Praha : Ottovo nakladatelství - Cesty, 2000
Témata:
Fyzický popis: 191 s. : il. a portréty (některé barev.) ; 21 cm
Knihy
Uloženo v:
LEADER 01505nam a2200421 a 4500
001 000590753
003 CZ BrMZK
005 20090227084604.0
007 ta
008 020319s2000 xr e acze d
015 |a cnb000985720 
020 |a 80-7181-450-4  |q (brož.) 
035 |a (OCoLC)46963016 
040 |a BOA001  |c ze  |d BOA001 
043 |a e-xr--- 
045 |a x-y- 
072 7 |a 78.07  |x Hudebníci, skladatelé a jiná hudební povolání  |2 Konspekt  |9 9 
072 7 |a 929  |x Biografie  |2 Konspekt  |9 8 
080 |a 929  |2 MRF 
080 |a 78.071.1/.2  |2 MRF 
080 |a 82-192-051  |2 MRF 
080 |a 78.03.011.26  |2 MRF 
080 |a (437.3)  |2 MRF 
080 |a (0:82-94)  |2 MRF 
100 1 |a Hannig, Petr,  |d 1946-2025  |7 jn20010310404  |4 aut 
245 1 0 |a Jak jsem objevoval hvězdy /  |c Petr Hannig 
260 |a Praha :  |b Ottovo nakladatelství - Cesty,  |c 2000 
300 |a 191 s. :  |b il. a portréty (některé barev.) ;  |c 21 cm 
504 |a Obsahuje rejstřík 
600 1 7 |a Hannig, Petr,  |d 1946-2025  |7 jn20010310404  |2 czenas 
648 7 |a 20.-21. století  |7 ch462155  |2 czenas 
650 0 7 |a hudebníci  |7 ph117204  |z Česko  |y 20.-21. stol.  |2 czenas 
650 0 7 |a textaři  |7 ph126620  |z Česko  |y 20.-21. stol.  |2 czenas 
650 0 7 |a populární hudba  |7 ph124352  |z Česko  |y 20.-21. stol.  |2 czenas 
655 7 |a autobiografické vzpomínky  |7 fd131854  |2 czenas 
910 |a BOA001  |b 2-1100.104 
990 |a BK 
996 6 |b 2610156315  |c 2-1100.104  |l MZK  |r Sklad / do 1 hodiny  |n 4  |p p.v.  |w 000590753  |u 000010  |a 1  |e BOA001  |j MZK50  |s P